000 00765nam a22002295i 4500
001 166181
003 ES-MaACL
005 20250729085707.0
008 990426s1877 fr |||| | fre d
040 _aM-RACM
_bspa
_cM-RACM
_dCCPB | B
100 1 _aTeste, Louis (
_d1844-1926)
_9224347
245 1 0 _aPréface au conclave /
_cpar Louis Teste.
260 _aParis :
_bLibrairie de Emile Vaton,
_c[s.a.] (
_fTypographie Lahure)
300 _a393, [2] p. ;
_c19 cm.
596 1 _aTexto fechado en p. 1, en París a 15 de febrero de 1877.
596 1 _aDatos del impresor tomados de v. de antep.
597 1 _aAntep.
650 7 _aObispos
_2embne
_915655
752 _aFrancia -
_dParís
852 _aES-MaACL
_jD-4740
_z-- Rúst.
999 _c166181
_d166181